000 00588nam a22001937a 4500
003 MN-UlNLM
005 20241015110545.0
008 240920b mp ||||| |||| 00| 0 mon d
020 _a9789919226596
040 _bmon
084 _2NNA
_a84(5Мон)-5
_bЭ 66
_q84
100 1 _aЭнхбаяр Ш.
245 1 _aДолоон гөрөөчин
_bДомог найраглал
_cЭрхэл. Ц.Бадамхорол
_cЗур. Д.Гунгаа
260 1 _aУБ
_bЖиком пресс
_c2020
300 _a68х
_eЗур
546 _amon
650 _aУран зохиол
942 _cBK
999 _c1145192
_d1145249